د يو ا ن قد ر ت ا للہ قد ر ت (معہ مقد مہ و تصيح) (Record no. 182863)
[ view plain ]
| 000 -LEADER | |
|---|---|
| fixed length control field | 00668nam a22001937a 4500 |
| 005 - DATE AND TIME OF LATEST TRANSACTION | |
| control field | 20211208130826.0 |
| 010 ## - LCCN (DPL NO) | |
| LC control number | UR-11359 |
| 020 ## - INTERNATIONAL STANDARD BOOK NUMBER | |
| Terms of availability | 580.00 |
| International Standard Book Number | 9789390789832 |
| 035 ## - SYSTEM CONTROL NUMBER | |
| System control number | U-9914 |
| 037 ## - SOURCE OF ACQUISITION | |
| Source of stock number/acquisition | DBAD/PUB |
| 082 ## - DEWEY DECIMAL CLASSIFICATION NUMBER | |
| Classification number | 841.08 |
| 100 ## - MAIN ENTRY--PERSONAL NAME | |
| Personal name | بلقيس بيگم |
| 245 ## - TITLE STATEMENT | |
| Title | د يو ا ن قد ر ت ا للہ قد ر ت (معہ مقد مہ و تصيح) |
| Statement of responsibility, etc | بلقيس بيگم |
| 246 ## - VARYING FORM OF TITLE | |
| Title proper/short title | Dewan-e-Qudratullah Qudrat (Urdu) |
| Remainder of title | Bilquis Begum |
| 260 ## - PUBLICATION, DISTRIBUTION, ETC. (IMPRINT) | |
| Place of publication, distribution, etc | N.Delhi |
| Date of publication, distribution, etc | 2021 ء |
| Name of publisher, distributor, etc | Educational Publishing House |
| 270 ## - ADDRESS | |
| Address | D1/16,Ansari Road,Darya Ganj, |
| City | New Delhi |
| Postal code | 110002 |
| Fax number | - |
| 300 ## - PHYSICAL DESCRIPTION | |
| Extent | 340 ص |
| Dimensions | 22 Cm(Hb) |
| 942 ## - ADDED ENTRY ELEMENTS (KOHA) | |
| Source of classification or shelving scheme | Dewey Decimal Classification |
| Item type | Urdu Bks |
| Classification part | 841.08 |
| Call number suffix | ب ل ق |
| Withdrawn status | Lost status | Not for loan | Collection code | Home library | Current library | Date acquired | Source of acquisition | Cost, normal purchase price | Full call number | Barcode | Copy number | Cost, replacement price | Koha item type |
|---|---|---|---|---|---|---|---|---|---|---|---|---|---|
| Not For Loan | Non-fiction | D.B.Act.Division | Central Library | 08/12/2021 | DBAD/PUB | 580.00 | 841.08 ب ل ق | U-9914 | 1 | 580.00 | Urdu Bks |
